Statistiques concernant Les 20 Pays les Moins Heureux du Monde

Cliquez ici pour prendre le quiz!

Statistiques générales

  • Ce quiz a été pris 167 fois
    (163 depuis la dernière actualisation)
  • Le résultat moyen est 5 sur 20

Statistiques - réponses

ClassementPays% Correct
1Afghanistan
57%
12Inde
53%
5République Démocratique du Congo
46%
18Mali
45%
14Éthiopie
30%
20Bangladesh
29%
2Liban
27%
17Égypte
20%
9Tanzanie
17%
16Togo
17%
15Jordanie
16%
13Liberia
16%
7Malawi
16%
3Sierra Leone
16%
11Madagascar
13%
4Zimbabwe
13%
10Zambie
12%
19Gambie
11%
8Comores
10%
6Botswana
9%

Distribution des résultats

Percentile par nombre de réponses

% des personnes avec chaque résultat

Votre développement - résultats

Vous n’avez pas pris ce quiz depuis la dernière actualisation